| 000 | 00765nam a2200121Ia 4500 | ||
|---|---|---|---|
| 008 | 220620s9999||||xx |||||||||||||| ||und|| | ||
| 100 | _aGrimonprez, Kris | ||
| 245 | 4 |
_aThe European Union and Education for Democratic Citizenship _bLegal foundations for EU learning at school |
|
| 546 | _aEnglish[eng] | ||
| 650 | _aEuropapolitik||Values||Europäische Erziehung||human rights education||Europäische Bürgerrechte||Education||European Union||schools||citizenship education||Demokratische Bildung||citizenship competence||rights||Europarecht||Democracy||Erziehungspolitik||citizens||civic competence||European citizenship | ||
| 856 | _uhttps://www.nomos-elibrary.de/10.5771/9783748902034/the-european-union-and-education-for-democratic-citizenship | ||
| 942 | _cEB | ||
| 999 |
_c28502 _d28502 |
||